Missing Frank Sinatra Lyrics - Statistics

General Stats
  • This quiz has been taken 562 times
  • The average score is 9 of 15
Answer Stats
Hint Answer % Correct
Start spreading the ____, I’m leaving today. news
94%
I've got you deep in the _____ of me. heart
87%
You make me feel so _____. You make me feel as though spring has sprung. young
82%
I've travelled each and ev'ry _______; But more, much more than this, I did it my way. highway
81%
I get no ____ from champagne. kick
77%
She likes the theater and never comes late. She never bothers with people she _____. hates
71%
Something in your ____ was so inviting. eyes
57%
You must ________ this, A kiss is still a kiss. remember
54%
If you could use some exotic _____, There's a bar in far Bombay booze
51%
And if we go someplace to _____, I know that there's a chance, You won't be leaving with me. dance
49%
Waiting round the bend, My ___________ friend, moon river, And me huckleberry
44%
The summer wind came blowin' in, From across the sea, It lingered there to touch your ____. hair
40%
And although, I know, its strictly _____. taboo
29%
I'm in ______, And my heart beats so that I can hardly speak. heaven
28%
No matter, darling, Where you are I think of you, ___ ___ _____. day and night
16%
No matching quizzes found
Score Distribution
Percent of People with Each Score
Percentile by Number Answered
Your Score History
You have not taken this quiz